| 000 | 00513nmm a2200169Ia 4500 | ||
|---|---|---|---|
| 008 | 251105s9999||||xx |||||||||||||||||und|| | ||
| 020 | _a9788446040101 | ||
| 041 | _aspa | ||
| 100 | _aIglesias, Pablo (coord.) | ||
| 245 | 0 | _aGanar o morir : lecciones políticas en Juego de Tronos | |
| 264 |
_a[Madrid, España] : _bAkal, _c2014 |
||
| 300 | _a288 páginas | ||
| 490 | _aPensamiento crítico | ||
| 650 | _aPolitical Science (General) | ||
| 856 | _uhttps://public.digitaliapublishing.com/a/41929 | ||
| 942 | _cCF | ||
| 999 |
_c82995 _d82995 |
||